书目信息 |
| 题名: |
钳工必读
|
|
| 作者: | ;天津第一机械工业局 主编 | |
| 分册: | ||
| 出版信息: | 天津 天津科学技术出版社 1981 |
|
| 页数: | 533页 | |
| 开本: | 20cm | |
| 丛书名: | 工人技术等级标准自学丛书 | |
| 单 册: | ||
| 中图分类: | TG91 | |
| 科图分类: | ||
| 主题词: | 钳工--工艺--理论 , 装配--工艺--理论 | |
| 电子资源: | ||
| ISBN: | ||
| 000 | 00683nam0 2200217 45 | |
| 001 | 0312221749 | |
| 005 | 20060515103049.76 | |
| 010 | @dCNY1.16 | |
| 100 | @a20031222d1981 km y0chiy0120 ea | |
| 101 | @achi | |
| 200 | 1 | @a钳工必读@AQian Gong Bi Du@f天津第一机械工业局主编@Ftian jin di yi ji xie gong ye ju zhu bian |
| 210 | @a天津@c天津科学技术出版社@d1981 | |
| 215 | @a533页@d20cm | |
| 225 | 2 | @a工人技术等级标准自学丛书 |
| 410 | 0 | @12001 @a工人技术等级标准自学丛书 |
| 606 | 0 | @a钳工@x工艺@x理论 |
| 606 | 0 | @a装配@x工艺@x理论 |
| 690 | @aTG91@v3 | |
| 711 | 0 | @a天津第一机械工业局@Atian jin di yi ji xie gong ye ju@4主编 |
| 801 | @aCN@bTSTCL@c20060515 | |
| 905 | @a213230@dTG91@e14 | |
| 钳工必读/天津第一机械工业局主编.-天津:天津科学技术出版社,1981 |
| 533页;20cm.-(工人技术等级标准自学丛书) |
| ISBN :CNY1.16 |
| ● |
| 相关链接 |
|
|
|
|
正题名:钳工必读
索取号:TG91/14
 
预约/预借
| 序号 | 登录号 | 条形码 | 馆藏地/架位号 | 状态 | 备注 |
| 1 | 0104874 | 001363465 | 第三借阅区/ [索取号:TG91/14] | 在馆 | |
| 2 | 0104875 | 202340494 | 密集书库/ [索取号:TG91/14] | 在馆 | |
| 3 | 0104876 | 001363508 | 第二样本阅览室/ [索取号:TG91/14] | 在馆 |